000 00276nam a22001217a 4500
008 180730b xxu||||| |||| 00| 0 eng d
082 _2813.52
245 _aThe art of Public Speaking
_cLucas, S.E
260 _c2007
300 _a1
440 _x0073216410
942 _2ddc
_cMX
999 _c46655
_d46655